Les draps, Solann paroles - Statistiques

Statistiques générales
  • Ce quiz a été pris 81 fois
  • Le résultat moyen est 186 sur 241
Statistiques - réponses
Réponse % Correct
à
100%
a
100%
ai
97%
draps
97%
je
97%
Je
97%
la
97%
97%
le
97%
les
97%
Les
97%
me
97%
mes
97%
pas
97%
de
94%
et
94%
Et
94%
j'ai
94%
même
94%
Non
94%
ou
94%
brûlé
91%
fois
91%
juste
91%
pour
91%
quatre
91%
si
91%
Trois
91%
dans
89%
être
89%
sûre
89%
c'est
86%
lavés
86%
leur
86%
lit
86%
ma
86%
que
86%
qui
86%
voulais
86%
fait
83%
Il
83%
mourir
83%
sa
83%
Certains
80%
c'que
80%
d'affilée
80%
embrassé
80%
j'l'ai
80%
J'l'ai
80%
m'en
80%
on
80%
quand
80%
une
80%
veulent
80%
y
80%
j'recommande
77%
l'expérience
77%
Moi
77%
moi
77%
Qu'il
77%
qu'il
77%
rien
77%
veux
77%
avec
74%
était
74%
eux
74%
heureux
74%
parti
74%
yeux
74%
bien
71%
chance
71%
Comme
71%
comme
71%
constater
71%
dernière
71%
j'm'en
71%
l'air
71%
l'miroir
71%
plus
71%
regarder
71%
sous
71%
voulu
71%
avait
69%
brûlés
69%
est
69%
s'accroche
69%
chaussure
66%
l'oreiller
66%
collait
63%
dignité
63%
s'reproche
63%
Avant
60%
Laissez
60%
laissez
60%
parte
60%
au
54%
bras
54%
entre
54%
été
54%
hagards
54%
j'veux
54%
ont
51%
personne
51%
rue
51%
sortir
51%
voir
51%
continue
49%
monde
49%
âme
46%
aussi
46%
désarroi
46%
insensible
46%
j'le
46%
l'temps
46%
pilé
46%
déteste
43%
D'une
43%
Laissez-moi
43%
laissez-moi
43%
l'hiver
43%
milliers
43%
parmi
43%
passé
43%
vite
43%
dépeuplé
40%
retrouver
40%
Aucun quiz correspondant
Distribution des résultats
% des personnes avec chaque résultat
Percentile par nombre de réponses
Votre historique - résultats
Vous n’avez pas pris ce quiz